00673nam a2200193 a 450000100100000000500170001000800410002702000150006804000250008310000540010824500530016226000570021530000210027250000210029350000340031404900090034895201050035799900170046200003435820200930073645.0111003s1997 es 000 0 spa d a8408021443 aDO-SdBNPbspacBNPHU1 aVallejo-Nágera, Juan Antonio,d1926-199092414310aLocos egregios /cJuan Antonio Vallejo-Nágera. aBarcelona :bPlaneta,c1997.fLitorgrafías Rosés a296 p. ;c19 cm. aIncluye índice aIncluye biografía del autor aBNPD 001050718MOaGRbGRcCTd2011-10-03iLF1l0o p34358-10r2020-06-25w2020-06-25y1ZNo se presta c33849d33849